[Event "FISU World University"]
[Site "Tornelo INT"]
[Date "2020.10.28"]
[Round "9.21"]
[White "Sanchez Sandoval, Gonzalo"]
[Black "Daeschler, Florian"]
[Result "1/2-1/2"]
[WhiteElo "2358"]
[BlackElo "2254"]
[PlyCount "102"]
[EventDate "2020.10.26"]
[EventType "team-swiss (rapid)"]
[EventRounds "9"]
[EventCountry "NET"]
[SourceTitle "CBM 199 Extra"]
[Source "ChessBase"]
[SourceDate "2021.01.31"]
[SourceVersion "1"]
[SourceVersionDate "2021.01.31"]
[SourceQuality "1"]
[WhiteTeam "Chile III"]
[BlackTeam "France"]
[WhiteTeamCountry "CHI"]
[BlackTeamCountry "FRA"]

1. e4 e5 2. Nf3 Nc6 3. d4 exd4 4. Nxd4 Nf6 5. Nxc6 bxc6 6. e5 Qe7 7. Qe2 Nd5 8. c4 Nb6 9. b3 Qe6 10. g3 Bb4+ 11. Bd2 a5 12. Bg2 0-0 13. 0-0 d5 14. Bxb4 axb4 15. Nd2 f6 16. Rfe1 fxe5 17. Qxe5 Qf7 18. f4 Bf5 19. c5 Nd7 20. Qxc7 Qf6 21. Qd6 Qd4+ 22. Kh1 Qxd2 23. Qxc6 Rxa2 24. Qxd5+ Kh8 25. c6 Qxd5 26. Bxd5 Rxa1 27. Rxa1 Nf6 28. Bf3 Be6 29. Ra4 Bxb3 30. Rxb4 Bd5 31. Kg2 Kg8 32. g4 Rc8 33. g5 Bxf3+ 34. Kxf3 Nd5 35. Rc4 Rc7 36. f5 Ne7 37. f6 gxf6 38. gxf6 Nxc6 39. Ke4 Kf7 40. Kd5 Kxf6 41. Rxc6+ Rxc6 42. Kxc6 Ke5 43. Kc5 h5 44. h4 Kf4 45. Kd4 Kg4 46. Ke3 Kxh4 47. Kf2 Kh3 48. Kg1 Kg3 49. Kh1 h4 50. Kg1 h3 51. Kh1 h2 1/2-1/2

[Event "FISU World University"]
[Site "Tornelo INT"]
[Date "2020.10.27"]
[Round "5.23"]
[White "Gracia Alvarez, Gerardo Antonio"]
[Black "Sanchez Sandoval, Gonzalo"]
[Result "0-1"]
[WhiteElo "2308"]
[BlackElo "2358"]
[PlyCount "58"]
[EventDate "2020.10.26"]
[EventType "team-swiss (rapid)"]
[EventRounds "9"]
[EventCountry "NET"]
[SourceTitle "CBM 199 Extra"]
[Source "ChessBase"]
[SourceDate "2021.01.31"]
[SourceVersion "1"]
[SourceVersionDate "2021.01.31"]
[SourceQuality "1"]
[WhiteTeam "Mexico"]
[BlackTeam "Chile III"]
[WhiteTeamCountry "MEX"]
[BlackTeamCountry "CHI"]

1. e4 c5 2. Nc3 a6 3. g3 b5 4. Bg2 Bb7 5. d3 e6 6. Nh3 Nf6 7. 0-0 d5 8. e5 Nfd7 9. f4 Be7 10. f5 b4 11. fxe6 fxe6 12. Nf4 Nf8 13. Qg4 g6 14. Nxe6 Nxe6 15. Qxe6 bxc3 16. Bh3 Qc7 17. Qf7+ Kd8 18. Qg7 Re8 19. Rf7 Nc6 20. Bf4 cxb2 21. Rb1 Bc8 22. e6 Qa5 23. Bd6 Ra7 24. Qxh7 Qxa2 25. Rff1 Bxd6 26. Qxg6 Rae7 27. Qf6 Be5 28. Qf3 Nd4 29. Qd1 Bxe6 0-1

[Event "CHI-ch"]
[Site "Santiago de Chile"]
[Date "2017.02.25"]
[Round "8"]
[White "Sanchez Sandoval, Gonzalo"]
[Black "Salinas Herrera, Pablo Patricio"]
[Result "1/2-1/2"]
[WhiteElo "2256"]
[BlackElo "2464"]
[PlyCount "59"]
[EventDate "2017.02.20"]
[EventType "tourn"]
[EventRounds "11"]
[EventCountry "CHI"]
[EventCategory "3"]
[SourceTitle "CBM 177 Extra"]
[Source "ChessBase"]
[SourceDate "2017.04.27"]
[SourceVersion "1"]
[SourceVersionDate "2017.04.27"]
[SourceQuality "1"]

1. e4 c5 2. Nf3 e6 3. d4 cxd4 4. Nxd4 Nc6 5. Nxc6 bxc6 6. Bd3 Nf6 7. 0-0 d5 8. Nd2 Be7 9. b3 0-0 10. Bb2 a5 11. c4 Bb7 12. Qc2 g6 13. Nf3 Qb8 14. Qc3 Qf4 15. Rae1 Rfd8 16. Bc1 Qb8 17. Bg5 d4 18. Qc1 e5 19. c5 Qc7 20. Bc4 Ba6 21. Bxa6 Rxa6 22. Qc4 Ra7 23. Bxf6 Bxf6 24. Rd1 Kh8 25. Ne1 Bg5 26. Nd3 f5 27. Rfe1 Bf6 28. Qe6 Qg7 29. Qxc6 Qe7 30. Qb5 1/2-1/2

[Event "CHI-ch"]
[Site "Santiago de Chile"]
[Date "2017.02.21"]
[Round "3"]
[White "Henriquez Villagra, Cristobal"]
[Black "Sanchez Sandoval, Gonzalo"]
[Result "0-1"]
[WhiteElo "2538"]
[BlackElo "2256"]
[PlyCount "54"]
[EventDate "2017.02.20"]
[EventType "tourn"]
[EventRounds "11"]
[EventCountry "CHI"]
[EventCategory "3"]
[SourceTitle "CBM 177 Extra"]
[Source "ChessBase"]
[SourceDate "2017.04.27"]
[SourceVersion "1"]
[SourceVersionDate "2017.04.27"]
[SourceQuality "1"]

1. e4 c5 2. Nf3 d6 3. d4 cxd4 4. Nxd4 Nf6 5. Nc3 Nc6 6. Nb3 g6 7. Bg5 Bg7 8. Qd2 0-0 9. 0-0-0 a5 10. a4 Be6 11. Bb5 Rc8 12. Kb1 Nb4 13. Rhe1 Nd7 14. Nd4 Nb6 15. Bh6 Bh8 16. Re3 Bc4 17. Rf3 Bxb5 18. Ndxb5 Nc4 19. Qf4 Rc5 20. Rh3 Re8 21. Bg5 h5 22. Qh4 Qd7 23. Rg1 Qe6 24. Bc1 Rxb5 25. axb5 Bxc3 26. b3 Bf6 27. Qf4 Rc8 0-1

[Event "CHI-ch"]
[Site "Santiago de Chile"]
[Date "2017.02.20"]
[Round "1"]
[White "Olivares Olivares, Claudio"]
[Black "Sanchez Sandoval, Gonzalo"]
[Result "0-1"]
[WhiteElo "2320"]
[BlackElo "2256"]
[PlyCount "84"]
[EventDate "2017.02.20"]
[EventType "tourn"]
[EventRounds "11"]
[EventCountry "CHI"]
[EventCategory "3"]
[SourceTitle "CBM 177 Extra"]
[Source "ChessBase"]
[SourceDate "2017.04.27"]
[SourceVersion "1"]
[SourceVersionDate "2017.04.27"]
[SourceQuality "1"]

1. e4 c5 2. Nf3 d6 3. d4 cxd4 4. Nxd4 Nf6 5. Nc3 Nc6 6. Bg5 e6 7. Qd2 a6 8. 0-0-0 h6 9. Bf4 Bd7 10. Nxc6 Bxc6 11. Bxd6 Qxd6 12. Qxd6 Bxd6 13. Rxd6 Bxe4 14. Nxe4 Nxe4 15. Rb6 Nxf2 16. Rg1 0-0-0 17. Be2 Ne4 18. Bf3 Kc7 19. Rb4 Nd6 20. Rd1 b5 21. a4 f5 22. Rb3 e5 23. Rc3+ Kd7 24. Rc6 Ke7 25. Bd5 e4 26. Rxa6 bxa4 27. Rxa4 g5 28. g4 e3 29. gxf5 Kf6 30. c4 Rhe8 31. Re1 Nxf5 32. Ra6+ Ke5 33. Kc2 Kf4 34. Rf6 e2 35. b4 Re5 36. b5 Ke3 37. Ra6 Nd4+ 38. Kc3 Nxb5+ 39. Kb4 Nd4 40. Kc3 Rdxd5 41. cxd5 Nf3 42. Re6 Kf2 0-1

[Event "CHI-ch sf Santiago"]
[Site "Santiago de Chile"]
[Date "2016.12.11"]
[Round "6.1"]
[White "Sanchez Sandoval, Gonzalo"]
[Black "Henriquez Villagra, Cristobal"]
[Result "0-1"]
[WhiteElo "2230"]
[BlackElo "2517"]
[PlyCount "51"]
[EventDate "2016.12.08"]
[EventType "swiss"]
[EventRounds "8"]
[EventCountry "CHI"]
[SourceTitle "EXT 2024"]
[Source "ChessBase"]
[SourceDate "2023.10.10"]
[SourceVersion "1"]
[SourceVersionDate "2023.10.10"]
[SourceQuality "1"]

1. e4 c5 2. Nf3 d6 3. Bb5+ Nd7 4. 0-0 Ngf6 5. Re1 a6 6. Bf1 b5 7. d4 cxd4 8. Nxd4 Bb7 9. c4 b4 10. Qa4 e5 11. Nb3 Qc7 12. Na5 Be7 13. Qxb4 Bxe4 14. Nc3 Rb8 15. Qa4 Ba8 16. c5 0-0 17. cxd6 Bxd6 18. Nb3 e4 19. h3 Ne5 20. Qxa6 Neg4 21. Be2 Bh2+ 22. Kf1 Nxf2 23. Be3 Nh1 24. Qa7 Qg3 25. Red1 Rbc8 26. Bf2 0-1

[Event "CHI-ch sf Santiago"]
[Site "Santiago de Chile"]
[Date "2016.12.10"]
[Round "5.2"]
[White "Mesias Rojas, Rabindranath"]
[Black "Sanchez Sandoval, Gonzalo"]
[Result "0-1"]
[WhiteElo "2250"]
[BlackElo "2230"]
[PlyCount "40"]
[EventDate "2016.12.08"]
[EventType "swiss"]
[EventRounds "8"]
[EventCountry "CHI"]
[SourceTitle "EXT 2024"]
[Source "ChessBase"]
[SourceDate "2023.10.10"]
[SourceVersion "1"]
[SourceVersionDate "2023.10.10"]
[SourceQuality "1"]

1. d4 Nf6 2. Nc3 d6 3. e4 e5 4. dxe5 dxe5 5. Qxd8+ Kxd8 6. Bg5 Be6 7. 0-0-0+ Kc8 8. f4 exf4 9. e5 h6 10. Bxf6 gxf6 11. exf6 Nd7 12. Nge2 Bc5 13. Nd4 Nxf6 14. Be2 Rd8 15. Nb3 Be3+ 16. Kb1 c6 17. Rxd8+ Kxd8 18. Nd1 Kc7 19. h3 Rd8 20. Nc1 Nd5 0-1

[Event "CHI-ch"]
[Site "Valdivia"]
[Date "2016.03.03"]
[Round "6"]
[White "Henriquez Villagra, Cristobal"]
[Black "Sanchez Sandoval, Gonzalo"]
[Result "1-0"]
[WhiteElo "2484"]
[BlackElo "2249"]
[PlyCount "57"]
[EventDate "2016.02.29"]
[EventType "tourn"]
[EventRounds "11"]
[EventCountry "CHI"]
[SourceTitle "CBM 171 Extra"]
[Source "ChessBase"]
[SourceDate "2016.04.26"]
[SourceVersion "1"]
[SourceVersionDate "2016.04.26"]
[SourceQuality "1"]

1. e4 c5 2. c3 b6 3. d4 Bb7 4. Bd3 Nf6 5. Nd2 e6 6. a3 Be7 7. Qe2 Nc6 8. Ngf3 d5 9. e5 Nd7 10. h4 Qc7 11. h5 0-0-0 12. 0-0 g5 13. g4 Kb8 14. b4 c4 15. Bc2 f6 16. exf6 Bxf6 17. b5 Ne7 18. Qxe6 Rhe8 19. Re1 Nc8 20. Qxe8 Rxe8 21. Rxe8 Be7 22. Bf5 Nf6 23. Rh8 Bd8 24. Nxg5 Nxg4 25. Ndf3 Bxg5 26. Bxg5 Nh2 27. Kg2 Nxf3 28. Kxf3 Qf7 29. Bf4+ 1-0

[Event "Antofagasta Zicosur op 2nd"]
[Site "Antofagasta"]
[Date "2016.01.05"]
[Round "1"]
[White "Sanchez Sandoval, Gonzalo"]
[Black "Masafierro Romero, Gino"]
[Result "1-0"]
[WhiteElo "2247"]
[BlackElo "1695"]
[PlyCount "59"]
[EventDate "2016.01.05"]
[EventType "swiss"]
[EventRounds "9"]
[EventCountry "CHI"]
[SourceTitle "CBM 170 Extra"]
[Source "ChessBase"]
[SourceDate "2016.02.25"]
[SourceVersion "1"]
[SourceVersionDate "2016.02.25"]
[SourceQuality "1"]

1. e4 d5 2. exd5 Qxd5 3. Nc3 Qa5 4. g3 Nf6 5. h3 c6 6. Bg2 g6 7. Nf3 Bg7 8. 0-0 0-0 9. Re1 Qc7 10. d3 Re8 11. Bf4 Qd8 12. Qd2 Nbd7 13. Re2 e6 14. Rae1 Nb6 15. Bg5 Qc7 16. Ne5 Nbd7 17. Qf4 Qb8 18. Qh4 Nd5 19. Nxd5 cxd5 20. Ng4 Qd6 21. d4 b5 22. Bf4 Qe7 23. Qxe7 Rxe7 24. Bxd5 Rb8 25. Bxb8 Nxb8 26. c3 Rc7 27. Bb3 a5 28. d5 a4 29. dxe6 Kf8 30. e7+ 1-0

[Event "Barcelona Sant Marti op-A 17th"]
[Site "Barcelona"]
[Date "2015.07.18"]
[Round "6"]
[White "Satyapragyan, Swayangsu"]
[Black "Sanchez Sandoval, Gonzalo"]
[Result "1-0"]
[WhiteElo "2392"]
[BlackElo "2205"]
[PlyCount "47"]
[EventDate "2015.07.13"]
[EventType "swiss"]
[EventRounds "9"]
[EventCountry "ESP"]
[SourceTitle "CBM 167 Extra"]
[Source "ChessBase"]
[SourceDate "2015.09.14"]
[SourceVersion "1"]
[SourceVersionDate "2015.09.14"]
[SourceQuality "1"]

1. e4 c5 2. Nf3 d6 3. Bb5+ Bd7 4. Bxd7+ Nxd7 5. 0-0 Ngf6 6. Qe2 e6 7. b3 Be7 8. Bb2 0-0 9. c4 Rc8 10. d4 cxd4 11. Nxd4 a6 12. Nc3 Qc7 13. Rad1 Rfe8 14. f4 Bf8 15. Kh1 Qb8 16. Nf3 Red8 17. e5 Ne8 18. Ne4 b5 19. Nfg5 g6 20. Nxf7 Kxf7 21. Ng5+ Kg8 22. exd6 Ng7 23. Bxg7 Kxg7 24. Qxe6 1-0

[Event "American Continental 11th"]
[Site "Montevideo"]
[Date "2015.05.24"]
[Round "11"]
[White "Sanchez Sandoval, Gonzalo"]
[Black "Acosta, Pablo Ismael"]
[Result "1/2-1/2"]
[WhiteElo "2187"]
[BlackElo "2320"]
[PlyCount "40"]
[EventDate "2015.05.15"]
[EventType "swiss"]
[EventRounds "11"]
[EventCountry "URU"]
[SourceTitle "CBM 167"]
[Source "ChessBase"]
[SourceDate "2015.07.13"]
[SourceVersion "1"]
[SourceVersionDate "2015.07.13"]
[SourceQuality "1"]

1. e4 c5 2. Nf3 d6 3. d4 cxd4 4. Nxd4 Nf6 5. Nc3 a6 6. Bg5 e6 7. f4 Be7 8. Qf3 Qc7 9. 0-0-0 Nbd7 10. Bd3 b5 11. Rhe1 h6 12. Bxf6 Nxf6 13. e5 Bb7 14. Qh3 0-0 15. Nxe6 fxe6 16. Qxe6+ Kh8 17. exf6 Bxf6 18. Qf5 g5 19. Qh3 Qg7 20. fxg5 Qxg5+ 1/2-1/2

[Event "American Continental 11th"]
[Site "Montevideo"]
[Date "2015.05.22"]
[Round "9"]
[White "Paveto, Kevin"]
[Black "Sanchez Sandoval, Gonzalo"]
[Result "1-0"]
[WhiteElo "2400"]
[BlackElo "2187"]
[PlyCount "94"]
[EventDate "2015.05.15"]
[EventType "swiss"]
[EventRounds "11"]
[EventCountry "URU"]
[SourceTitle "CBM 167"]
[Source "ChessBase"]
[SourceDate "2015.07.13"]
[SourceVersion "1"]
[SourceVersionDate "2015.07.13"]
[SourceQuality "1"]

1. e4 c5 2. Nf3 d6 3. d4 cxd4 4. Nxd4 Nf6 5. Nc3 Nc6 6. Bg5 e6 7. Qd2 Be7 8. f4 0-0 9. 0-0-0 Nxd4 10. Qxd4 Qa5 11. Bc4 Bd7 12. e5 dxe5 13. fxe5 Bc6 14. Bd2 Nd7 15. Nd5 Qc5 16. Nxe7+ Qxe7 17. h4 Qc5 18. Qxc5 Nxc5 19. h5 b5 20. Be2 Rac8 21. Bb4 Be4 22. Rd4 Bxg2 23. Rg1 Bd5 24. Bxb5 Bxa2 25. Kd2 Bd5 26. h6 g6 27. Ra1 f6 28. exf6 Rxf6 29. Bxc5 Rxc5 30. c4 Rf2+ 31. Kc3 Rc7 32. b3 Rf8 33. Ra6 Rb8 34. Kb2 Kf7 35. Rf4+ Kg8 36. Rd4 Rcb7 37. Ba4 Rb4 38. Kc3 Bf3 39. Rxe6 R4b7 40. Rf6 Be2 41. Rd7 g5 42. Rxb7 Rxb7 43. Bc6 Rb8 44. Bd5+ Kh8 45. c5 g4 46. c6 g3 47. c7 Re8 1-0

[Event "American Continental 11th"]
[Site "Montevideo"]
[Date "2015.05.15"]
[Round "1"]
[White "Larrea, Daniela"]
[Black "Sanchez Sandoval, Gonzalo"]
[Result "0-1"]
[WhiteElo "1705"]
[BlackElo "2187"]
[PlyCount "54"]
[EventDate "2015.05.15"]
[EventType "swiss"]
[EventRounds "11"]
[EventCountry "URU"]
[SourceTitle "CBM 167"]
[Source "ChessBase"]
[SourceDate "2015.07.13"]
[SourceVersion "1"]
[SourceVersionDate "2015.07.13"]
[SourceQuality "1"]

1. d4 Nf6 2. c4 e6 3. g3 Bb4+ 4. Bd2 Qe7 5. Bg2 Nc6 6. Nf3 Bxd2+ 7. Nbxd2 d6 8. e4 e5 9. d5 Nb8 10. 0-0 a5 11. Ne1 0-0 12. Nd3 Na6 13. f4 Rb8 14. f5 c6 15. g4 h6 16. h4 Nh7 17. Nf3 b5 18. b3 bxc4 19. bxc4 cxd5 20. cxd5 Nb4 21. Nf2 Ba6 22. Re1 Rfc8 23. Rc1 Rxc1 24. Qxc1 Rc8 25. Qb1 Qa7 26. Rc1 Rxc1+ 27. Qxc1 Qxf2+ 0-1

[Event "Latin Cup-A 6th"]
[Site "Buenos Aires"]
[Date "2015.03.23"]
[Round "6"]
[White "Sanchez Sandoval, Gonzalo"]
[Black "Paolini, Claudio P"]
[Result "1-0"]
[WhiteElo "2193"]
[BlackElo "1935"]
[PlyCount "153"]
[EventDate "2015.03.19"]
[EventType "swiss"]
[EventRounds "9"]
[EventCountry "ARG"]
[SourceTitle "CBM 165 Extra"]
[Source "ChessBase"]
[SourceDate "2015.04.21"]
[SourceVersion "1"]
[SourceVersionDate "2015.04.21"]
[SourceQuality "1"]

1. e4 c5 2. Nf3 e6 3. d4 cxd4 4. Nxd4 a6 5. Bd3 Nf6 6. 0-0 Qc7 7. Qe2 d6 8. f4 Nbd7 9. c4 Be7 10. Nc3 Qc5 11. Be3 Qh5 12. Qxh5 Nxh5 13. Nf3 Nhf6 14. h3 0-0 15. e5 Ne8 16. Ne4 dxe5 17. fxe5 b6 18. Rad1 Bb7 19. Neg5 Bxf3 20. Nxf3 Bc5 21. Bxc5 Nxc5 22. Bc2 a5 23. Ng5 g6 24. Rd4 Ng7 25. g4 h6 26. Ne4 Nxe4 27. Bxe4 Rac8 28. Bg2 Rc5 29. Re1 Rfc8 30. Bf1 Ne8 31. Kf2 Nc7 32. Kf3 b5 33. Ke4 bxc4 34. Rxc4 Nd5 35. Rec1 Rxc4+ 36. Rxc4 Rb8 37. Rc5 Rxb2 38. Rxa5 Nc3+ 39. Kd4 Nxa2 40. Bc4 Nc1 41. Ra1 Ne2+ 42. Ke3 Nc3 43. Ra8+ Kg7 44. Ra7 Kf8 45. Ra8+ Kg7 46. Kd4 Nd5 47. Bxd5 exd5 48. Kxd5 Rd2+ 49. Ke4 Rd7 50. Ra6 Rb7 51. Kd5 Rd7+ 52. Rd6 Ra7 53. Rb6 Rd7+ 54. Kc6 Re7 55. Rb5 g5 56. Kd6 Re6+ 57. Kd5 Kg6 58. Ke4 h5 59. gxh5+ Kxh5 60. Kf5 Rg6 61. Rb7 g4 62. hxg4+ Rxg4 63. Rxf7 Rg5+ 64. Kf6 Rg6+ 65. Ke7 Ra6 66. Rg7 Kh6 67. Rg1 Ra2 68. e6 Kh7 69. Kf8 Rf2+ 70. Ke8 Rf3 71. e7 Rd3 72. Rg5 Rd2 73. Kf7 Rf2+ 74. Ke6 Ra2 75. e8Q Ra6+ 76. Kf5 Ra5+ 77. Kf4 1-0

[Event "Latin Cup-A 6th"]
[Site "Buenos Aires"]
[Date "2015.03.21"]
[Round "3"]
[White "Figar, Nicolas"]
[Black "Sanchez Sandoval, Gonzalo"]
[Result "0-1"]
[WhiteElo "1776"]
[BlackElo "2193"]
[PlyCount "86"]
[EventDate "2015.03.19"]
[EventType "swiss"]
[EventRounds "9"]
[EventCountry "ARG"]
[SourceTitle "CBM 165 Extra"]
[Source "ChessBase"]
[SourceDate "2015.04.21"]
[SourceVersion "1"]
[SourceVersionDate "2015.04.21"]
[SourceQuality "1"]

1. e4 c5 2. Nf3 d6 3. Nc3 Nc6 4. Be2 g6 5. 0-0 Bg7 6. d3 Nf6 7. Qe1 0-0 8. Nd2 Nd4 9. Bd1 b5 10. a4 b4 11. Ne2 Ne8 12. Nc4 e5 13. Nxd4 exd4 14. f4 d5 15. exd5 Bb7 16. f5 Bxd5 17. Bf3 Nc7 18. Bf4 Bxf3 19. Bxc7 Qxc7 20. Rxf3 Rfe8 21. Qh4 Re2 22. f6 Bf8 23. Rf2 Rae8 24. Raf1 h5 25. Rxe2 Rxe2 26. Rf2 Re1+ 27. Rf1 Rxf1+ 28. Kxf1 Bh6 29. b3 Kh7 30. h3 Bf4 31. Qf2 g5 32. Qf3 Kg6 33. Kf2 h4 34. a5 Kxf6 35. a6 Qe7 36. Qc6+ Kg7 37. Qe4 Qf6 38. Qf3 Qxa6 39. Qd5 Qa2 40. Qxc5 Qxc2+ 41. Kf3 Qxd3+ 42. Kg4 Qe2+ 43. Kf5 Qe6# 0-1

[Event "CHI-ch"]
[Site "Santiago de Chile"]
[Date "2015.02.24"]
[Round "5"]
[White "Aguirre Contreras, Cristian Rodrigo"]
[Black "Sanchez Sandoval, Gonzalo"]
[Result "0-1"]
[WhiteElo "2127"]
[BlackElo "2197"]
[PlyCount "74"]
[EventDate "2015.02.21"]
[EventType "swiss"]
[EventRounds "9"]
[EventCountry "CHI"]
[SourceTitle "CBM 165 Extra"]
[Source "ChessBase"]
[SourceDate "2015.04.21"]
[SourceVersion "1"]
[SourceVersionDate "2015.04.21"]
[SourceQuality "1"]

1. a3 a6 2. h3 b5 3. Nf3 Bb7 4. e3 Nf6 5. c4 bxc4 6. Bxc4 e6 7. d4 Be7 8. Nc3 0-0 9. 0-0 d5 10. Bd3 a5 11. Re1 Ba6 12. Bc2 Nbd7 13. g4 Bb7 14. Rb1 Kh8 15. Nd2 e5 16. dxe5 Nxe5 17. f4 Ng6 18. Nf3 Bc5 19. Ne2 d4 20. Nexd4 Re8 21. Nb3 Qxd1 22. Bxd1 Bb6 23. Nbd4 Nxf4 24. Ba4 Nd3 25. Rd1 Nxc1 26. Bxe8 Rxe8 27. Rbxc1 c5 28. Ng5 cxd4 29. Nxf7+ Kg8 30. Nd6 dxe3 31. Nxe8 Nxe8 32. Re1 Nf6 33. Rc2 Ne4 34. b4 axb4 35. Rb1 Nd2 36. Rxb4 Nf3+ 37. Kg2 Ne1+ 0-1